[Event "Alushta"]
[Site "Alushta"]
[Date "1999.03.13"]
[Round "11"]
[White "Rogovski, Vladimir"]
[Black "Miles, Anthony John"]
[Result "0-1"]
[WhiteElo "2455"]
[BlackElo "2605"]
[Annotator "Lukacs,P"]
[PlyCount "78"]
[EventDate "1999.03.03"]
[EventType "tourn"]
[EventRounds "11"]
[EventCountry "UKR"]
[EventCategory "10"]
[SourceTitle "CBM 070"]
[Source "ChessBase"]
[SourceDate "1999.06.08"]
[SourceVersion "1"]
[SourceVersionDate "1999.06.08"]
[SourceQuality "1"]

1. e4 c6 2. d4 d5 3. Nc3 dxe4 4. Nxe4 Nf6 {This line is a rare guest in
nowaday's tournament practice, but a clear-cut refutation is certainly not
demonstrated.} 5. Nxf6+ gxf6 6. c3 (6. Bf4 Qb6 7. Nf3 {is the P sacrifice
variation here.}) 6... Bf5 7. Ne2 {/\ Ng3} Nd7 8. Ng3 Bg6 9. h4 h5 {Black is
not afrais of losing this P, he wants to castle << and try to get some
tactical compensation.} 10. Be2 Qa5 11. b4 {This weakening move was provoked.}
Qc7 (11... Qb6 12. Be3 Bh6 13. Bxh6 Rxh6 14. O-O {This is the logical
continuation ignoring the grab of the P.} (14. Bxh5 $6 {allows Black to
organize good counterplay for the P.} O-O-O 15. Be2 Rhh8 16. h5 Bh7 17. O-O f5
18. Qc1 Qc7 19. Bd3 f6 20. Qc2 f4 21. Nf5 Kb8 22. Rae1 e5 $17 {
Golubev-Morozevich, Alushta 1994}) 14... O-O-O 15. a4 {White wants to attack
on the << instead of hunting useless pawns.} Qc7 16. b5 c5 {Black has to avoid
the opening of the lines on the <<.} 17. a5 e5 18. Bf3 f5 19. b6 $1 {and White
wants to open the lines against the enemy K!} axb6 20. axb6 Nxb6 21. Qc1 f4 22.
dxe5 Qxe5 23. Re1 $18 {Liberzon-Christiansen, Hastings 1979}) 12. Bxh5 (12. Bd2
{is a useless move here.} O-O-O 13. Nxh5 e5 {This push in the [+] is Black's
main weapon here.} 14. Ng3 exd4 15. cxd4 Bd6 16. Qb3 f5 17. h5 Bh7 18. h6 {
The h P is nice, but Black gets the upper hand in the [+].} f4 19. Nh5 Be4 20.
Bf3 Bxf3 21. Qxf3 Qb6 22. O-O Rxh6 23. Bxf4 Bxf4 24. Nxf4 Qxd4 $17 {
Matthias-Hickl, Lippstadt 1992}) (12. Nxh5 e5 ({Black can also try to attack
the weaknesses on the <<.} 12... a5 13. Nf4 (13. Rh3 $6 axb4 14. cxb4 e6 15. b5
{(Bellon-Larsen, Las Palmas 1976)} Bxh5 $1 16. Bxh5 Qa5+ $15 {Larsen}) 13... e5
({There is no time for} 13... axb4 14. Nxg6 (14. cxb4 $6 e5 $1 $13) 14... fxg6
15. Qd3 $1 bxc3 16. Qxg6+ Kd8 17. g3 e6 18. O-O $16 {Liberzon-Pasman, Israel
1984}) 14. Nxg6 fxg6 15. bxa5 $142 $13 ({Now} 15. Qd3 {is not so effective, as
it was before.} O-O-O 16. bxa5 Qxa5 17. Bd2 f5 $44 {L.Hansen-Petersen, Aarhus
op 1990})) 13. Ng3 (13. Be3 O-O-O 14. O-O Be7 15. f4 Nb6 16. Rc1 Nd5 $17 {
Gipslis-Seirawan, St.John op 1988}) (13. a3 {- 12.a3}) 13... O-O-O 14. h5 Bh7
15. O-O $142 (15. Qb3 $6 {is adventureous, but not sound.} Nb6 16. b5 c5 17.
dxc5 Bxc5 18. a4 Rhg8 19. a5 Nd5 20. b6 axb6 21. a6 bxa6 22. Bxa6+ Kb8 23. Bc4
Nf4 $17 {Peters-Seirawan, USA-ch 1984}) 15... Bd6 16. Bg4 $1 {>< f5} (16. d5 f5
) 16... e4 17. Nf5 Bh2+ 18. Kh1 Bf4 19. Bxf4 Qxf4 20. g3 Qc7 21. Re1 Rde8 22.
Kg2 $16 {Tarjan-Benjamin, USA-ch zt South Bend 1981}) (12. a3 {is an
interesting prophilactic move, for example:} O-O-O 13. Nxh5 e5 14. Ng3 Bd6 15.
h5 Bh7 16. Nf1 exd4 17. cxd4 Nb6 18. Ne3 Bf4 19. Bf3 $16 {Stefansson-P.
Johansson, Gausdal 1992}) 12... Bxh5 13. Nxh5 a5 (13... e5 {is the other
typical blow here.} 14. a3 {This idea works well in the practice!} (14. Qf3 {
looks frightening, but Black has to be brave in this line.} O-O-O 15. a3 exd4
16. cxd4 Qb6 17. Be3 Bxb4+ $1 18. axb4 Qxb4+ 19. Kf1 Qb5+ 20. Kg1 Rxh5 21. g3
a6 22. Kg2 Rf5 23. Qe4 Qd5 $17 {Schenkler-Metz, Berliner Sommer 1994}) 14...
O-O-O 15. Ng3 exd4 16. cxd4 Re8+ 17. Kf1 Nb6 18. Nf5 Nd5 19. Qf3 $16 {Ad.
Rodriguez-Semran, Abierto op 1994}) 14. Bf4 $5 (14. Qg4 axb4 15. cxb4 e6 16.
O-O O-O-O) 14... Qb6 $6 (14... e5 {was exciting, for example} 15. Nxf6+ Nxf6
16. Bxe5 Qd8 17. Qf3 {the pin is nasty, indeed!} Be7 (17... Bg7 18. bxa5 Rxa5
19. h5 $1 $44 {/\ h6}) 18. b5 cxb5 19. Qxb7 $44) 15. O-O Qb5 (15... axb4 16. c4
$1) 16. g4 axb4 17. cxb4 Ra3 $1 (17... Qxb4 18. Rb1) (17... Rg8 18. Ng3 e5 (
18... e6 19. a3) 19. Be3 Bxb4 20. Rb1) 18. Re1 Rg8 19. Kh2 $1 (19. Ng3 e6 20.
Re3 Rxe3 21. Bxe3 (21. fxe3 $2 e5) 21... Bd6 22. Ne4 (22. a3 Bxg3 23. fxg3 Nb6
$44) 22... Bxb4 23. Rb1 $13) 19... e6 20. Re3 Rxe3 (20... Bxb4 21. Rb1) 21.
fxe3 Qd5 $143 (21... e5 22. Bg3 $16) (21... Bxb4 $5 22. Rb1 Qa5 23. Kh3 $1) 22.
a3 $16 Be7 23. Kh3 $1 Qe4 {[#]} 24. Qh1 $2 {only this careless move brings the
disaster for White.} (24. Ng3 $1 {was required with the following variations:}
Qh7 ({On} 24... Qg6 25. h5 {is even stronger}) 25. h5 f5 (25... e5 $2 26. Nf5
$3 {this unexpected B sacrifice changes the course of the game. Now White will
attack the enemy K, while Black's heavy artillery is out of play because of
the magnificient N on f5.} exf4 27. exf4 Nb6 (27... Nf8 28. d5 $40) 28. Qd3 $1
Rh8 29. Re1 Nd5 30. Rxe7+ $1 Nxe7 31. Qe4 $18) (25... Nb6 26. e4 e5 27. Be3 Nc4
28. Bf2 $16) 26. gxf5 exf5 27. b5 $1 (27. Qf3 Nf6 28. b5 Ne4) 27... Nf6 (27...
cxb5 28. Rc1) 28. bxc6 bxc6 29. Rb1 $16) 24... Qg6 25. Qf3 f5 {Now White's
position is falling apart.} 26. gxf5 (26. g5 $2 Rh8 $1 $17) (26. Rg1 Rh8 $1 $17
{/\ fxg4}) 26... Qxf5+ 27. Kh2 Rg4 $1 $17 (27... Bxh4 28. Rg1 $1 (28. e4 Qg6)
28... Rxg1 29. Kxg1 $11) 28. Ng3 Rxh4+ 29. Kg1 Qc2 30. Qf2 Qg6 {Here the white
K has serious problems, while his black colleague is in safety.} 31. Kg2 Nf6
32. Rh1 Rg4 33. Rh8+ Kd7 34. Kh1 (34. Rb8 Bd6 $1 35. Rxb7+ Kc8 $19) 34... Nd5
35. Ne2 Qe4+ 36. Kh2 Nxf4 37. exf4 Bd6 38. Kh3 Qf5 39. Ng3 $2 (39. Kh2 Qc2 40.
Kh3 Rxf4 $19) 39... Rh4+ $1 {This is a pretty discovered check!} (39... Rh4+ $1
40. Kxh4 Be7#) 0-1

[Event "Bundesliga 9900"]
[Site "Germany"]
[Date "2000.03.12"]
[Round "12.6"]
[White "Watson, William N"]
[Black "Pezerovic, Edin"]
[Result "1-0"]
[WhiteElo "2535"]
[BlackElo "2436"]
[Annotator "Lukacs,P"]
[PlyCount "81"]
[EventDate "1999.10.09"]
[EventType "team-tourn"]
[EventRounds "15"]
[EventCountry "GER"]
[SourceTitle "CBM 076"]
[Source "ChessBase"]
[SourceDate "2000.05.31"]
[SourceVersion "1"]
[SourceVersionDate "2000.05.31"]
[SourceQuality "1"]
[WhiteTeam "Castrop Rauxel"]
[BlackTeam "Tegernsee"]
[WhiteTeamCountry "GER"]
[BlackTeamCountry "GER"]

1. e4 c6 2. d4 d5 3. Nd2 dxe4 4. Nxe4 Nf6 5. Nxf6+ gxf6 {This variation gives
rise to sharp, complex positions, usually with kings on the opposite sides.} 6.
c3 Bf5 7. Nf3 (7. Ne2 {is the sharp main line}) 7... e6 8. g3 {The B is a good
defender on g2, and Black has no real counterplay on the g <->.} Bd6 (8... Bg7)
(8... Qd5 $5) 9. Bg2 (9. Qe2 Nd7 10. Nh4 {White wants to make profit from the
vulnerable B on f5.} Bg6 11. Bg2 Qe7 $6 (11... Qc7 {is more to the point.}) 12.
O-O O-O-O 13. Re1 Rhe8 14. Be3 {Soon or later White will begin his march of
the << pawns.} Nb6 (14... Kb8 $6 15. b4 $1 {/\ b5 opening uo the lines and
especially the long /^ for the B.} f5 16. b5 c5 17. Qf3 $1 Nf6 18. Nxg6 hxg6
19. dxc5 Be5 20. Bg5 {1:0 Slobodjan-Doeres, Pyramiden Franken Cup 1998}) 15. c4
Bc7 16. Rad1 $14 {with prospects of an assault on the <<.}) 9... Nd7 (9... Be4
$2 {loses vital tempi.} 10. O-O Qe7 (10... Nd7 11. Re1 f5 $2 12. Ng5 $1 Bxg2
13. Qh5 $1 {1:0 Wells-Nestrovic, Harkany op 1994}) 11. Re1 f5 12. Nh4 $1 Rg8 (
12... Bxg2 $2 {is met by the zwischenzug} 13. Nxf5 $1 $18) 13. Bxe4 Qxh4 14.
Bxf5 Nd7 15. Bxe6 $1 {destroying Black's defensive line.} O-O-O (15... fxe6 16.
Rxe6+ Be7 17. Qe2 Kd8 18. Kh1 $18 {with three pawns for the piece and a
devastating ->.}) 16. Bxd7+ Rxd7 17. Qf3 $18 {A.Ivanov-Metrick, New York op
1997}) 10. Nh4 (10. Qe2 Qc7 11. O-O O-O 12. Nh4 Bg6 13. Bh6 Rfe8 14. Rfe1 Bf8
15. Bxf8 Nxf8 16. Rad1 Rad8 17. b4 a5 18. a3 Kg7 19. f4 f5 {The B on g6 is
walled up.} 20. Bf3 $14 {Pribyl-Pezerovic, Bundesliga 1995}) (10. O-O Qc7 (
10... Bg4 11. Re1 Qa5 12. h3 Bxf3 13. Qxf3 Rg8 14. b4 Qc7 15. Rb1 {The black K
cannot find a safe place on the board.} f5 16. c4 Rg6 17. c5 Be7 18. Bf4 $16 {
and Black is pushed to the wall, De Firmian-Henriksson, Rilton Cup op 1993.})
11. Re1 (11. Be3 Bg4 12. Qb3 Bxf3 13. Bxf3 h5 14. c4 h4 15. c5 {just in time!
Otherwise the threat of taking on g3 would be fatal.} Be7 16. Qa4 $16 {
Arnason-Christiansen, Lone Pine 1980}) 11... O-O-O 12. b4 {/\ b5 opening up
the long /^.} (12. c4 c5) 12... e5 13. a4 h5 14. b5 c5 15. Nh4 Bg6 16. a5 {
/\ b6 opening lines against the K.} f5 17. Bg5 Rde8 18. b6 $1 $16 {
Gallagher-Lematschko, SWZ-chT 1991}) 10... Bg6 11. Bh6 (11. O-O O-O (11... Qc7
12. Re1 (12. c4 O-O 13. d5 Rfe8 14. f4 f5 15. b3 cxd5 16. cxd5 Be7 17. Be3 exd5
18. Nxg6 hxg6 19. Qxd5 Bc5 $11 {King-Pezerovic, Bundesliga 1995}) 12... O-O-O
13. b4 {is the standard << ->.} Nb6 14. Qf3 {The battery on the long /^ is
effective.} Be7 15. a4 Nd5 16. b5 f5 17. c4 Nb4 18. Qc3 $16 {Gallagher-Bex,
Ticino op 1990}) 12. c4 Re8 13. d5 cxd5 14. cxd5 e5 15. f4 exf4 16. Bxf4 Ne5
17. Nxg6 hxg6 {Black has built up a successful blockade on the dark squares.}
18. Qb3 Qe7 19. Rad1 Rac8 $11 {Seibold-Pezerovic, Obrliga Bayern 1997}) 11...
f5 (11... Qc7 12. O-O O-O-O 13. b4 (13. f4 f5 14. b4 {- 13.b4}) 13... f5 (13...
Kb8 14. Qe2 e5 15. b5 $36) 14. f4 (14. Qe2 f4 15. b5 c5) 14... Be7 15. Nf3 Bh5
$13) 12. O-O Nf6 $2 (12... Qc7 13. Re1 O-O-O 14. f4 (14. b4 f4) 14... Rhg8 15.
b4 Be7 16. Nf3 Bh5 $13) 13. Qb3 $1 $16 {Now Black has problems to defend >< b7.
} Rb8 (13... Qc7 $4 {loses outright:} 14. Bg7 $18) 14. Rfe1 ({Crisper was} 14.
Bg5 $1 Bh5 (14... h6 $4 15. Nxg6 $18) 15. Rfe1 h6 (15... Rg8 16. f4 $16) 16.
Rxe6+ $1 fxe6 17. Qxe6+ Qe7 18. Qxf6 $16) 14... Ng4 $1 (14... Rg8 15. Bg5 Bh5
16. f4 $16) 15. Bg7 $5 {White continues his -> at any rate.} (15. Bd2 $14 {
was the solid, positional choice.}) 15... Rg8 {[#]} 16. Rxe6+ $5 (16. Nxg6 hxg6
$1 (16... Rxg7 17. Ne5 Nxe5 18. dxe5 Bc5 19. Rad1 Qc7 $14) 17. Rxe6+ $1 fxe6
18. Qxe6+ Qe7 19. Qxg8+ Kd7 {- 16.Rxe6}) (16. Be5 Nxe5 17. dxe5 Bc5 $13) 16...
Kd7 $6 (16... fxe6 17. Qxe6+ (17. Nxg6 $2 Rxg7 18. Qxe6+ Be7 $19) 17... Qe7 $1
18. Qxg8+ Kd7 19. Nxg6 $1 hxg6 20. Qh7 (20. Bf8 Rxf8 21. Qxg6 Rf6 22. Qg5 Qe2
23. Rf1 Be7 $15) 20... Qf7 $1 (20... Kc7 $2 21. h3) 21. h3 (21. f3 Nf6 22. Qh6
Ng8 $11) 21... Nf6 $1 (21... Nxf2 22. Kxf2 Rg8 23. Qh6 (23. d5 Rxg7 24. dxc6+
bxc6 25. Qh4 f4 26. gxf4 Qxf4+ 27. Qxf4 Bxf4 28. Rd1+ Kc7 $14 {and despite of
the ^- White retains the better chances because of his extra P.}) 23... Rxg7
24. Qe3 f4 25. gxf4 Qxf4+ (25... Bxf4 26. Qf3) 26. Qxf4 Bxf4 $14 {and the
position is far from a dead draw until the rooks are on the board.}) 22. Qh6
Ng8 23. Qh8 Ne7 24. Qh6 Ng8 $11) 17. Rxd6+ $1 Kxd6 18. Qa3+ Kc7 (18... Kd7 $2
19. Be5 Nxe5 20. dxe5 $40) 19. Re1 Re8 (19... Rxg7 $2 20. Re7+ $1 Kc8 21. Qc5
$1 (21. Bxc6 Rg8 $1 {This is an extremely cold-blooded defensive move! Other
tries fail to impress:} (21... Nf6 $2 22. Bb5 $18) (21... Qb6 22. Bd7+ Kd8 23.
Nxf5 Nf6 24. Re8+ $1 Kc7 25. Rxb8 Nxd7 26. Rxb7+ Kxb7 27. Nxg7 Qf6 28. Ne8 Qe6
29. Qb3+ $16) 22. Bd7+ (22. Qc5 Qb6) 22... Qxd7 $1 23. Rxd7 Kxd7 24. Qxa7 Rge8
$13) 21... Nf6 (21... Rg8 $2 22. Nxf5 $18) 22. Nxf5 $1 Bxf5 (22... Nd7 $2 23.
Nd6+ Kc7 24. Nxb7 $1 $18) 23. Bxc6 $1 Qxe7 24. Qxe7 $16) (19... Rc8 $2 20. f3
Rxg7 21. fxg4 Kb8 (21... fxg4 22. Bxc6 $1 $18) 22. gxf5 $18) 20. Rd1 (20. Qa5+
$6 Kd7 $1 $15 {Other continuations are inferior:} (20... Kc8 21. Qxd8+ Rxd8 (
21... Kxd8 $2 22. Rxe8+ Kxe8 23. h3 $18) 22. f3 Rg8 23. fxg4 Rxg7 24. gxf5 $16)
(20... b6 21. Qxa7+ Rb7 22. Rxe8 Qxe8 23. Qa6 $14)) 20... Qe7 $2 (20... Rg8 $1
{is a move which is not easy to find!} 21. Be5+ (21. Re1 Re8 $11) 21... Nxe5
22. Qa5+ Kc8 23. Qxe5 $44 {and White has already more than sufficient
compensation for the exchange.}) 21. Qa5+ $1 Kc8 (21... b6 22. Qxa7+ Rb7 23.
Qa4 $16) 22. Bf3 Nf6 23. Nxf5 Qe6 24. Ne3 Be4 (24... Ra8 25. d5 cxd5 26. Nxd5
$18) 25. Bxe4 Nxe4 26. Be5 $18 {and White has a lot of pawns and an -> for the
exchange.} Nd6 27. Qxa7 Kd7 28. Bxd6 Qxd6 29. d5 c5 30. Nc4 Qa6 31. Qxc5 {
White has already four pawns for the exchange.} b5 32. Ne3 Qb6 33. Qb4 h5 34.
Qf4 Qg6 35. c4 bxc4 36. Nxc4 Rb4 37. Ne5+ Rxe5 38. Qxb4 Qc2 39. Qb7+ Kd8 40.
Qb6+ Kd7 41. Qc6+ 1-0

[Event "POL-ch 60th"]
[Site "Warsaw"]
[Date "2003.04.30"]
[Round "9"]
[White "Bartel, Mateusz"]
[Black "Miton, Kamil"]
[Result "0-1"]
[WhiteElo "2443"]
[BlackElo "2545"]
[Annotator "Konikowski,J"]
[PlyCount "82"]
[EventDate "2003.04.22"]
[EventType "tourn"]
[EventRounds "13"]
[EventCountry "POL"]
[EventCategory "12"]
[SourceTitle "CBM 095"]
[Source "ChessBase"]
[SourceDate "2003.07.25"]
[SourceVersion "1"]
[SourceVersionDate "2003.07.25"]
[SourceQuality "1"]

1. e4 c6 2. d4 d5 3. Nc3 dxe4 4. Nxe4 Nf6 5. Nxf6+ gxf6 6. Nf3 Bg4 7. Be2 e6 8.
Bf4 c5 (8... Na6 9. c3 Nc7 10. Qb3 Nd5 11. Bg3 Qb6 12. O-O Qxb3 13. axb3 Bh6
14. Rfe1 O-O 15. b4 a6 16. Nh4 Bxe2 17. Rxe2 Rfd8 18. Nf3 Rd7 19. Nd2 Bxd2 20.
Rxd2 Kg7 21. Re2 h5 22. f3 Rh8 $13 {Hegde,R-Vasiukov,E/Coimbatore 1987/}) 9.
dxc5 $146 {[%mdl 8]} (9. h3 Bh5 10. Bxb8 Rxb8 11. Bb5+ Ke7 12. dxc5 Bxf3 13.
gxf3 Qc7 14. b4 Qe5+ 15. Kf1 Rd8 16. Qe1 Qf4 17. Qe4 Qxe4 18. fxe4 Rd4 19. a3
Bh6 20. Bd3 a5 21. bxa5 Ra8 22. Rb1 Rd7 23. Rb5 $18 {Carmel,E-Shrentzel,M/Tel
Aviv 1994/}) 9... Qxd1+ 10. Rxd1 Bxc5 11. a3 Nc6 12. b4 Be7 13. c4 a5 14. b5
Nb8 15. Bc7 Nd7 16. h3 Bh5 17. Nd4 $2 {[%mdl 8192]} (17. Bd6 $142 $5 $11) 17...
Bxe2 18. Kxe2 Bxa3 19. b6 Bc5 20. Nb3 Bb4 21. Rd4 Ne5 22. Rhd1 Nc6 23. R4d3 e5
24. f4 a4 25. Na1 O-O (25... Rg8 $5 26. g4 h5 $17) 26. Nc2 exf4 (26... Bc5 27.
Rd5 Ra5 28. Bd6 Bxd6 29. Rxd6 exf4 30. Rxf6 Re5+ 31. Kd2 $17) 27. Bxf4 Rfe8+
28. Kf1 Bc5 29. Rg3+ Kh8 30. Rd5 Re4 (30... Bxb6 $5) 31. Bh6 Bf8 32. Bxf8 Rxf8
33. Na3 $2 (33. Rc3 $142) 33... Rfe8 34. Kg1 Ne5 35. Rc3 h5 36. Ra5 h4 37. Rxa4
Rd8 38. Nc2 Rd1+ 39. Kh2 Rd2 40. Kg1 $4 (40. Ra1 $142 Rxc4 (40... Ree2 41. Ne3
$1) 41. Rxc4 Nxc4 42. Ne1 $17) 40... Ree2 $19 41. Ne3 (41. Ra7 Rxg2+ 42. Kf1
Rdf2+ 43. Ke1 Rxc2 $19) 41... Re1+ (41... Re1+ 42. Nf1 Rdd1 $19) 0-1